Testimonios y reportes.

保存先:
書誌詳細
第一著者: Torriente Brau, Pablo de la, 1902-1936 (autor)
その他の著者: Hernández Otero, Ricardo (prólogo)
フォーマット: 図書
言語:英語
出版事項: La Habana, Cuba: Ediciones La Memoria; Centro Cultural Pablo de la Torriente Brau, 2001.
シリーズ:Palabras de Pablo.
主題:
タグ: タグ追加
タグなし, このレコードへの初めてのタグを付けませんか!

MARC

LEADER 00000nam a22000007a 4500
003 CL-VaPUC
005 20241127085323.0
008 241122t2001 ||||| |||| 00| 0 eng d
999 |c 445901  |d 445899 
020 |a 959-7135-16-7 
040 |c Pontificia Universidad Católica de Valparaíso 
082 |2 22  |a 070.9 TOR 2001 
100 |9 893887  |a Torriente Brau, Pablo de la,  |d 1902-1936  |e autor 
245 |a Testimonios y reportes. 
260 |a La Habana, Cuba:  |b Ediciones La Memoria;  |b Centro Cultural Pablo de la Torriente Brau,  |c 2001. 
300 |a 237 páginas. 
490 |a Palabras de Pablo. 
500 |a c.1 Donación. Memo EDU. 14-11-2024. 
583 |c 20241122  |k Yessy Sthefany Diaz Vidal 
600 0 |9 893887  |a Torriente Brau, Pablo de la,  |d 1902-1936  |v Trabajos periodísticos  |x Escritor y periodista cubano 
650 0 |9 538467  |a Periodismo investigativo  |x Denuncias y reportajes  |y Siglo 20 
700 |9 894158  |a Hernández Otero, Ricardo  |e prólogo 
942 |2 ddc  |c BK 
952 |0 0  |1 0  |2 ddc  |4 0  |6 070_900000000000000_TOR_2001  |7 0  |8 A  |9 598226  |a BIBEDU  |b BIBEDU  |d 2024-11-22  |e Donación  |i 5663342  |o 070.9 TOR 2001  |p 5663342  |r 2024-11-22  |t 1  |w 2024-11-22  |y BK  |k EDU